बाल विकास एवं शिक्षणशास्त्र NCERT की पाठ्य पुस्तकों पर पूर्णतया आधरित (Record no. 63338)
[ view plain ]
| 000 -LEADER | |
|---|---|
| fixed length control field | 00432nam a22000977a 4500 |
| 100 ## - MAIN ENTRY--AUTHOR NAME | |
| Personal name | कवीन्द्र,रागिनी |
| 245 ## - TITLE STATEMENT | |
| Title | बाल विकास एवं शिक्षणशास्त्र NCERT की पाठ्य पुस्तकों पर पूर्णतया आधरित |
| 260 ## - PUBLICATION, DISTRIBUTION, ETC. (IMPRINT) | |
| Place of publication | Chennai |
| Name of publisher | Mc Graw Hill |
| Year of publication | 2020 |
| 650 ## - SUBJECT ADDED ENTRY--TOPICAL TERM | |
| Topical Term | शिक्षा |
| 942 ## - ADDED ENTRY ELEMENTS (KOHA) | |
| Koha item type | Hindi Books |
| Withdrawn status | Lost status | Damaged status | Not for loan | Home library | Current library | Date acquired | Cost, normal purchase price | Full call number | Accession Number | Price effective from | Koha item type |
|---|---|---|---|---|---|---|---|---|---|---|---|
| MACL | MACL | 22/09/2020 | 205.00 | 370 | GCLC00850 | 22/09/2020 | Hindi Books | ||||
| MACL | MACL | 22/09/2020 | 205.00 | 370 | GCLC00851 | 22/09/2020 | Hindi Books |









